书目信息 |
| 题名: |
漫画算法
|
|
| 作者: | 魏梦舒 著 | |
| 分册: | Python篇 | |
| 出版信息: | 北京 电子工业出版社 2020.05 |
|
| 页数: | 11, 255页 | |
| 开本: | 24cm | |
| 丛书名: | ||
| 单 册: | ||
| 中图分类: | TP301.6 | |
| 科图分类: | ||
| 主题词: | 算法分析--suan fa fen xi , 数据结构--shu ju jie gou , 软件工具--ruan jian gong ju--程序设计 | |
| 电子资源: | ||
| ISBN: | 978-7-121-38278-9 | |
| 000 | 01189nam0 2200253 450 | |
| 001 | 0106081827 | |
| 005 | 20201106082045.0 | |
| 010 | @a978-7-121-38278-9@dCNY79.00 | |
| 100 | @a20200622d2020 em y0chiy0110 ea | |
| 101 | 0 | @achi |
| 102 | @aCN@b110000 | |
| 105 | @aa z 000yy | |
| 106 | @ar | |
| 200 | 1 | @a漫画算法@Aman hua suan fa@e小灰的算法之旅@iPython篇@f魏梦舒著 |
| 210 | @a北京@c电子工业出版社@d2020.05 | |
| 215 | @a11, 255页@c图@d24cm | |
| 330 | @a本书讲述了算法和数据结构的基础知识、复杂多变的算法面试题目及算法的实际应用场景。第1章介绍了算法和数据结构的相关概念。第2章介绍了最基本的数据结构,包括数组、链表、栈、队列、哈希表的概念和读写操作。第3章介绍了树和二叉树的概念、二叉树的各种遍历方式、二叉树的特殊形式——二叉堆和优先队列的应用。第4章介绍了几种典型的排序算法,包括冒泡排序、快速排序、堆排序、计数排序、桶排序。第5章介绍了10余道职场上流行的算法面试题及解题思路。第6章介绍了算法在职场上的一些应用。 | |
| 606 | 0 | @a算法分析@Asuan fa fen xi |
| 606 | 0 | @a数据结构@Ashu ju jie gou |
| 606 | 0 | @a软件工具@Aruan jian gong ju@x程序设计 |
| 690 | @aTP301.6@v5 | |
| 701 | 0 | @a魏梦舒@Awei meng shu@4著 |
| 801 | 0 | @aCN@bBJSZM@c20201106 |
| 905 | @b1192472-5@dTP301.6@e1092@f4 | |
| 漫画算法:小灰的算法之旅.Python篇/魏梦舒著.-北京:电子工业出版社,2020.05 |
| 11, 255页:图;24cm |
| ISBN 978-7-121-38278-9:CNY79.00 |
| 本书讲述了算法和数据结构的基础知识、复杂多变的算法面试题目及算法的实际应用场景。第1章介绍了算法和数据结构的相关概念。第2章介绍了最基本的数据结构,包括数组、链表、栈、队列、哈希表的概念和读写操作。第3章介绍了树和二叉树的概念、二叉树的各种遍历方式、二叉树的特殊形式——二叉堆和优先队列的应用。第4章介绍了几种典型的排序算法,包括冒泡排序、快速排序、堆排序、计数排序、桶排序。第5章介绍了10余道职场上流行的算法面试题及解题思路。第6章介绍了算法在职场上的一些应用。 |
| ● |
| 相关链接 |
|
|
|
|
正题名:漫画算法
索取号:TP301.6/1092
 
预约/预借
| 序号 | 登录号 | 条形码 | 馆藏地/架位号 | 状态 | 备注 |
| 1 | 1192472 | 211924729 | 第二样本阅览室/ [索取号:TP301.6/1092] | 在馆 | |
| 2 | 1192473 | 211924738 | 第三借阅区/ [索取号:TP301.6/1092] | 在馆 | |
| 3 | 1192474 | 211924747 | 第三借阅区/ [索取号:TP301.6/1092] | 在馆 | |
| 4 | 1192475 | 211924756 | 第三借阅区/ [索取号:TP301.6/1092] | 在馆 |